<?xml version="1.0" encoding="UTF-8"?>
<collection xmlns="http://www.loc.gov/MARC21/slim">
 <record>
  <leader>00866cam a2200193 7i4500</leader>
  <controlfield tag="001">0000093333</controlfield>
  <controlfield tag="005">20110314090000.0</controlfield>
  <controlfield tag="008">110314s2009    enk                 eng   </controlfield>
  <datafield tag="020" ind1="#" ind2="0">
   <subfield code="a">9780754817642 </subfield>
  </datafield>
  <datafield tag="020" ind1="#" ind2="0">
   <subfield code="a">0754817644 </subfield>
  </datafield>
  <datafield tag="090" ind1="0" ind2="0">
   <subfield code="a">QL 141 </subfield>
   <subfield code="b">.G5 2009</subfield>
  </datafield>
  <datafield tag="100" ind1="1" ind2="#">
   <subfield code="a">Gilpin, Daniel </subfield>
  </datafield>
  <datafield tag="245" ind1="1" ind2="4">
   <subfield code="a">The illustrated world encyclopedia of freshwater fish &amp; river creatures : </subfield>
   <subfield code="b">a natural history and identification guide to the aquatic animal life of ponds, lakes and rivers, with more than 700 detailed illustrations and photographs  </subfield>
   <subfield code="c">Daniel Gilpin ; consultant, Jenny Schmid-Araya.</subfield>
  </datafield>
  <datafield tag="260" ind1="#" ind2="#">
   <subfield code="a">London: </subfield>
   <subfield code="b">Lorenz Books, </subfield>
   <subfield code="c">2009.</subfield>
  </datafield>
  <datafield tag="300" ind1="#" ind2="#">
   <subfield code="a">256 p.: </subfield>
   <subfield code="b">col.ill.maps; </subfield>
   <subfield code="c">31 cm..</subfield>
  </datafield>
  <datafield tag="590" ind1="#" ind2="#">
   <subfield code="a">Seksyen Perolehan BPSI PSNZ</subfield>
  </datafield>
  <datafield tag="650" ind1="0" ind2="0">
   <subfield code="a">Freshwater animals -- </subfield>
   <subfield code="x">Encyclopedias </subfield>
  </datafield>
  <datafield tag="650" ind1="0" ind2="0">
   <subfield code="a">Freshwater fishes -- </subfield>
   <subfield code="x">Encyclopedias </subfield>
  </datafield>
  <datafield tag="999" ind1=" " ind2=" ">
   <subfield code="a">1100079245</subfield>
   <subfield code="b">Book</subfield>
   <subfield code="c">Rujukan</subfield>
   <subfield code="e">KOLEKSI RUJUKAN</subfield>
  </datafield>
 </record>
</collection>
